Nations of Champions League finals - Statistics

General Stats
  • This quiz has been taken 74 times
  • The average score is 21 of 27
Answer Stats
Question Tile Select % Correct
Nations from which at least one club has reached a Champions League final. England Yes
99%
Nations from which at least one club has reached a Champions League final. Belarus No
97%
Nations from which at least one club has reached a Champions League final. France Yes
97%
Nations from which at least one club has reached a Champions League final. Georgia No
97%
Nations from which at least one club has reached a Champions League final. Germany Yes
97%
Nations from which at least one club has reached a Champions League final. Norway No
97%
Nations from which at least one club has reached a Champions League final. Spain Yes
97%
Nations from which at least one club has reached a Champions League final. Italy Yes
94%
Nations from which at least one club has reached a Champions League final. Netherlands Yes
93%
Nations from which at least one club has reached a Champions League final. Portugal Yes
91%
Nations from which at least one club has reached a Champions League final. Denmark No
90%
Nations from which at least one club has reached a Champions League final. Austria No
85%
Nations from which at least one club has reached a Champions League final. Croatia No
85%
Nations from which at least one club has reached a Champions League final. Turkey No
84%
Nations from which at least one club has reached a Champions League final. Hungary No
82%
Nations from which at least one club has reached a Champions League final. West Germany Yes
81%
Nations from which at least one club has reached a Champions League final. Russia No
76%
Nations from which at least one club has reached a Champions League final. Czechoslovakia No
75%
Nations from which at least one club has reached a Champions League final. East Germany No
75%
Nations from which at least one club has reached a Champions League final. USSR No
66%
Nations from which at least one club has reached a Champions League final. Scotland Yes
65%
Nations from which at least one club has reached a Champions League final. Romania Yes
63%
Nations from which at least one club has reached a Champions League final. Yugoslavia Yes
62%
Nations from which at least one club has reached a Champions League final. Belgium Yes
51%
Nations from which at least one club has reached a Champions League final. Monaco Yes
40%
Nations from which at least one club has reached a Champions League final. Sweden Yes
37%
Nations from which at least one club has reached a Champions League final. Greece Yes
26%
No matching quizzes found
Score Distribution
Percent of People with Each Score
Percentile by Number Answered
Your Score History
You have not taken this quiz